Graphics for Engnieeris Auto CAD Release 11 / (Record no. 182703)
[ view plain ]
| 000 -LEADER | |
|---|---|
| fixed length control field | 01245 a2200181 4500 |
| 003 - CONTROL NUMBER IDENTIFIER | |
| control field | Nust |
| 005 - DATE AND TIME OF LATEST TRANSACTION | |
| control field | 20221014112826.0 |
| 010 ## - LIBRARY OF CONGRESS CONTROL NUMBER | |
| LC control number | 91022890 |
| 040 ## - CATALOGING SOURCE | |
| Transcribing agency | Nust |
| 082 ## - DEWEY DECIMAL CLASSIFICATION NUMBER | |
| Classification number | 604.24,EAR |
| 100 ## - MAIN ENTRY--PERSONAL NAME | |
| Personal name | James H. Earle |
| 9 (RLIN) | 100304 |
| 245 ## - TITLE STATEMENT | |
| Title | Graphics for Engnieeris Auto CAD Release 11 / |
| Statement of responsibility, etc. | James H. Earle |
| 250 ## - EDITION STATEMENT | |
| Edition statement | 3rd ed |
| 260 ## - PUBLICATION, DISTRIBUTION, ETC. | |
| Place of publication, distribution, etc. | New York |
| Name of publisher, distributor, etc. | Addision-Wesley |
| Date of publication, distribution, etc. | 1985 |
| 300 ## - PHYSICAL DESCRIPTION | |
| Extent | xxi,599p; |
| 505 ## - FORMATTED CONTENTS NOTE | |
| Formatted contents note | Introduction to Engineering and Technology (Page-1), The Design Process (Page-15), The Computer in Design and Drafting (Page-41), Lettering (Page-48), Drawing Instruments (Page-57), Geometric Construction (Page-77), Multiview Sketching (Page-106) Multiview Drawing with Instruments (Page-122), Axuiliary Views (Page-152), Sections (Page-170), Screws Fasteners and Springs (Page-189), Gears and Cams (Page-220), Materials and Processes (Page-236), Dimensioning (Page-249), Tolerances (Page-277), Welding (Page-312), Working Drawings (Page-322), Reproduction Methods and Drawing and Drawing Shortcuts (Page-363), Pictorials (Page-370), Descriptive Geometry (Page-404), Civil Engineering Applications (Page-455), Graphs (Page-472), Auto CAD Computer Graphics (Page-491), Introduction to Solid Modeling (Page-593). |
| 942 ## - ADDED ENTRY ELEMENTS (KOHA) | |
| Source of classification or shelving scheme | |
| Koha item type | Book |
| Withdrawn status | Lost status | Source of classification or shelving scheme | Damaged status | Not for loan | Permanent Location | Current Location | Shelving location | Date acquired | Full call number | Barcode | Date last seen | Price effective from | Koha item type | Public note |
|---|---|---|---|---|---|---|---|---|---|---|---|---|---|---|
| Military College of Signals (MCS) | Military College of Signals (MCS) | General Stacks | 12/12/2016 | 604.24,EAR | MCS27162 | 12/08/2016 | 12/12/2016 | Book | Almirah No.26, Shelf No.2 |
